| 000 | 00373nam a2200133Ia 4500 | ||
|---|---|---|---|
| 008 | 240719s9999 xx 000 0 und d | ||
| 041 | _aeng | ||
| 082 | _a658.3 DEY | ||
| 100 | _aDey, K. Ajoy | ||
| 245 | _aDeveloping Resilience In Disruptive Times | ||
| 260 |
_aNew Delhi _bBLOOMSBURY PUBLISHING INDIA _c2021 |
||
| 300 | _a374.; P. 24 Cm | ||
| 520 | _aGifted By : IMT Faculty | ||
| 999 |
_c41435 _d41435 |
||